000
00197 a2200097 4500
001
64473
090
_c
38096
_d
38096
100
_a
Qasmi,Ahmad Nadeem
245
_a
Nadeem Ki Ghazalain
260
_b
Sang-e-Meel
942
_a
NUST-CAE
999
_c
299546
_d
299546